000 01336nam a2200361 i 4500
003 CO-BoRNBP
005 20230508151843.0
007 ta
008 211025s2021 ck a ||jr ||| 00| pdspa d
020 _a9789585275140
040 _aCO-BoRNBP
_bspa
_erda
_cCO-BoRNBP
041 0 _aspa
043 _as-ck---
084 _aP VEL8
100 1 _aVelosa Ruiz, Jorge
_d1949-
_eautor
_91824
245 1 3 _aEl convite de los animales
_cJorge Velosa Ruiz ; ilustraciones Soma Difusa
250 _aEdición especial
264 1 _aBogotá, Colombia
_bEditorial Monigote
_c2021
300 _a264 páginas
_bilustraciones a color
_c22 cm
336 _atexto
_btxt
_2rdacontent
337 _asin mediación
_bn
_2rdamedia
338 _avolumen
_bnc
_2rdacarrier
490 0 _aPlan Nacional de Lectura y Escritura Leer es mi Cuento / Ministerio de Cultura
500 _aSoma Difusa es el seudónimo de Laura Ortiz Fernández
521 _aRecomendado para un público mayor de 15 años
650 1 7 _aPoesía popular colombiana
_ySiglo XX
_2LEMB
_91825
650 1 7 _aLiteratura folclórica colombiana
_ySiglo XX
_2LEMB
_91826
650 1 7 _aAutores colombianos
_ySiglo XX
_2LEMB
_9428
650 1 7 _aFolclor campesino
_zColombia
_2LEMB
_91827
650 1 7 _aAnimales en el folclor
_2LEMB
_91828
700 1 _aSoma Difusa
_eilustradora
_91829
942 _cBKLIT
999 _c9492
_d9492